Kondous un nuevo primate ceboide de el Mioceno de La Venta, Colombia (Registro nro. 10957)

Detalles MARC
000 -CABECERA
Campo de control 005960000a22001930004500
090 ## - CLASIFICACIÓN LOCAL
Colección AR
Consecutivo 01880
041 0# - IDIOMA
Código de idioma para texto/pista de sonido o título separado
100 1# - ASIENTO PRINCIPAL--NOMBRE PERSONAL
Nombre personal Setoguchi, Takeshi
245 10 - MENCION DE TITULO
Título Kondous un nuevo primate ceboide de el Mioceno de La Venta, Colombia
650 14 - ASIENTO SECUNDARIO DE MATERIA - TERMINO TEMATICO
Término temático o nombre geográfico como elemento de entrada Primates
650 14 - ASIENTO SECUNDARIO DE MATERIA - TERMINO TEMATICO
Término temático o nombre geográfico como elemento de entrada Fosiles
650 14 - ASIENTO SECUNDARIO DE MATERIA - TERMINO TEMATICO
Término temático o nombre geográfico como elemento de entrada Mioceno medio
651 #4 - ASIENTO SECUNDARIO DE MATERIA - NOMBRE GEOGRAFICO
-- Desierto de La Tatacoa
-- Huila
-- Colombia
653 ## - TERMINO DE INDIZACION - NO CONTROLADO
-- Kondous
-- Kondous laventicus
700 1# - ASIENTO SECUNDARIO - NOMBRE PERSONAL
Nombre personal Cadena G., Alberto
700 1# - ASIENTO SECUNDARIO - NOMBRE PERSONAL
Nombre personal Shigehara, Nobuo
773 1# - Item fuente:
Título New World Monkeys
Especificación de materiales 628
Paginas del Articulo 1-6
Lugar, editorial y fecha de publicación 1985
942 ## - ELEMENTOS ADICIONALES (KOHA)
Tipo de ítem Artículo
Existencias
Withdrawn status Lost status Damaged status No para préstamo Colección Ubicación Permanente Ubicación actual Fecha de adquisición Fuente de Valor Datos de publicación Seriada Total Checkouts Número topográfico Inventario / Código de Barras Date last seen Ejemplar Price effective from Forma de adquisición Tipo de material
      No para Préstamo Hemeroteca Bogotá Bogotá 27/02/2015 Fernández, Fernando Fuera de circulación   AR 01880 012245 25/03/2015 1 25/03/2015   Artículo
      No para Préstamo Hemeroteca Bogotá Bogotá 27/02/2015 Fernández, Fernando Fuera de circulación   AR 01880 012246 25/03/2015 2 25/03/2015   Artículo